Les brawlers les plus joués en 2024 - Statistiques

Statistiques générales
  • Ce quiz a été pris 468 fois
  • Le résultat moyen est 6 sur 10
Statistiques - réponses
Nom % Correct
#5 Edgar
86%
#3 Colt
82%
#6 Léon
78%
#2 Mortis
74%
#7 Spike
70%
#4 Polly
67%
#1 Dynamike
59%
#10 Surge
52%
#9 Ricochet
48%
#8 Kenji
34%
Aucun quiz correspondant
Distribution des résultats
% des personnes avec chaque résultat
Percentile par nombre de réponses
Votre historique - résultats
Vous n’avez pas pris ce quiz